| 000 | 01068nam a22002297a 4500 | ||
|---|---|---|---|
| 999 |
_c21689 _d21689 |
||
| 003 | AR-CdUCM | ||
| 008 | 190425b ||||| |||| 00| 0 spa d | ||
| 040 |
_aMUNICIPALIDAD PROVINCIAL DEL CUSCO _cBIBLIOTECA MUNICIPAL DEL CUSCO |
||
| 082 |
_aRev.Univ/N°11/1914 _bRev.Univ/N°11/1914 |
||
| 110 |
_aUniversidad Nacional de San Antonio Abad del Cusco _915942 |
||
| 245 |
_aRevista Universitaria : _bÓrgano de la Universidad del Cuzco / |
||
| 260 |
_aCusco : _bEl Trabajo, _cdiciembre 1914. |
||
| 300 |
_a52 páginas. : _c20 cm. |
||
| 440 |
_aRevista Universitaria _nAño III, diciembre 1914, N°11 _945790 |
||
| 505 | _aContenido: Estudios geográficos en el departamento. Fortunato L. Herrera. -- Memoria leída por el rector en el año académico. Alberto A. Geisecke. -- La marcha de la universidad durante el año 1914. Alberto A. Geisecke. | ||
| 650 |
_aHistoria del Cusco _91714 |
||
| 650 |
_aGeografía del Cusco _93257 |
||
| 650 |
_aSiglo XX _945791 |
||
| 710 |
_aUniversidad Nacional de San Antonio Abad del Cusco _915942 |
||
| 942 |
_2ddc _cPP |
||
| 945 | _arac | ||